000 00652nam a2200253Ia 4500
005 20260306145452.0
008 008 260114s9999 xx 000 0 eng d
020 _a9781503627796
037 _aEbook
040 _aCRL
040 _beng
040 _cCRL
041 _2eng
041 _aeng
084 _qCRL
100 _aBoersema, Jacob R.
_91123816
245 0 _aCan we unlearn racism? : what South Africa teaches us about whiteness
260 _bStanford University Press
260 _c2022
650 _aSocial Sciences
856 _uhttps://www.degruyter.com/isbn/9781503627796
942 _cEBOOK
999 _c1688651
_d1688651